| 000 | 01220nam0a2200337 4500 | ||
|---|---|---|---|
| 001 | RU\NLR\bibl\1866837 | ||
| 005 | 20250616184706.0 | ||
| 010 |
_a978-5-222-18826-2 _93000 |
||
| 021 |
_aRU _b2012-225 _916 |
||
| 035 | _a(NLR Aleph) 001856710 | ||
| 090 |
_a2475813 _c2475813 |
||
| 100 | _a20120208d2012 |||y0rusy50 ca | ||
| 101 | 1 |
_arus _ceng |
|
| 102 | _aRU | ||
| 105 | _aa ||||||||| | ||
| 200 | 1 |
_aЛогика _eграфический путеводитель _fДэн Крайэн, Мэррон Шатиль, Билл Мэйблин _g[пер. с англ.: Ковалева Т.] |
|
| 210 |
_aРостов-на-Дону _cФеникс _d2012 |
||
| 215 |
_a171, [2] с. _cил. _d17 |
||
| 225 | 1 | _aСерия "Графические путеводители" | |
| 300 | _aНа обл. авт. не указаны | ||
| 606 | 1 |
_aЛогика _jПопулярные издания _9962734 _3RU\NLR\auth\6640868 |
|
| 686 | _aЮ4я9 | ||
| 700 | 1 |
_aКрайэн _bД. _gДэн _4070 |
|
| 701 | 1 |
_aШатиль _bМ. _gМэррон _4070 |
|
| 701 | 1 |
_aМэйблин _bБ. _gБилл _4070 |
|
| 801 | 0 |
_aRU _bNLR _c20120208 _gRCR |
|
| 801 | 1 |
_aRU _bNLR _c20120208 |
|
| 942 | _cBOOK | ||
| 980 | _aNB | ||
| 980 | _aNBR | ||